000 00747nam a2200289Ia 4500
005 20260324130636.0
008 008 260324s9999 xx 000 0 eng d
020 _a9780203962664
037 _aEBOOK
040 _aCRL
040 _beng
040 _cCRL
041 _2eng
041 _aeng
084 _qCRL
100 _aLesley Farrell; Tara Fenwick
_91182542
245 0 _aWorld Yearbook of Education 2007
245 0 _bEducating the Global Workforce: Knowledge, Knowledge Work and Knowledge Workers
260 _bTaylor and Francis
260 _c2007
365 _a
365 _b67.99
856 _uhttp://www.taylorfrancis.com/books/9780203962664
942 _cEBOOK
999 _c1778891
_d1778891